000 00818nam a2200253 i 4500
001 C2-0011053
003 PPAK
005 20190630221907.0
008 970128s1991 my a|||| ||||| | may d
020 _a9836217924
040 _aPPAK
_beng
_cPPAK
_erda
082 0 4 _a499.2307
_223
090 0 0 _a499.2307
_bASA
_dG
090 0 0 _a499.2307
_bASA
_dKIH
245 0 0 _aAsas perkaedahan mengajar bahasa
264 1 _aKuala Lumpur :
_bDewan Bahasa dan Pustaka ,
_c1991
300 _axviii, 169 pages :
_billustrations ;
_c22 cm
336 _2rdacontent
_atext
337 _2rdamedia
_aunmediated
338 _2rdacarrier
_avolume
500 _aSiri risalah panduan guru bahasa Malaysia (KBSR)
650 1 0 _aBahasa Melayu - Study and teaching (Secondary) ; Malay language - Study and teaching (Secondary)
942 _ddc
_cB
999 _c2779
_d2779